| 000 | 00897nam a2200241 i 4500 | ||
|---|---|---|---|
| 001 | 169250 | ||
| 003 | ES-MaACL | ||
| 005 | 20230906214035.0 | ||
| 008 | 080825s2003 sp |||| |dspa d | ||
| 020 | _a84-95494-13-2 | ||
| 080 | _a012 López Quintás, Alfonso | ||
| 080 | _a016:1 López Quintás, Alfonso | ||
| 100 | 1 |
_aLópez Quintás, Alfonso. _973905 |
|
| 245 | 1 | 3 |
_aLa filosofía y su fecundidad pedagógica / _cAlfonso López Quintás. |
| 260 |
_aMadrid : _bRevista Estudios, _c2003. |
||
| 300 |
_a256 p. : _b1 retr. ; _c24 cm. |
||
| 504 | _aReferencias bibliográficas. | ||
| 594 | _aHomenaje de la revista "Estudios" al P. Alfonso López Quintás. | ||
| 599 | _aRetr. del autor. | ||
| 600 | 1 | 4 |
_aLópez Quintás, Alfonso- _xBibliografías. _9138327 |
| 600 | 1 | 4 |
_aLópez Quintás, Alfonso- _xHomenajes. _9138328 |
| 852 | 4 |
_aES-MaACL _jL-29727 _z. - Dedicatoria autógrafa del autor |
|
| 999 |
_c169250 _d169250 |
||